000 00760nam a22002177a 4500
003 OSt
005 20250811033456.0
006 a
008 240605b |||||||| |||| 00| 0 eng d
020 _a9789712732461
040 _aDWCL-Main lib.
_cOC
082 _aFil. 658.3 D615u 2016
100 _aDitan, Carolina Desamero
245 _aUnderstanding and managing organizational behavior ( focused on Philippine organizations) /
_cCarolina Desamero Ditan
260 _aMandaluyong, Philippines :
_bAnvil Publishing Inc.,
_cc2016.
300 _ax, 143 pages :
_billustrations ;
_c26cm.
504 _aIncludes bibliographical references.
650 _a1. Organizational behavior --- Philippines.
650 _a 2. Management.
942 _2ddc
_cBK - FIL
_kFil.
_n0
999 _c223
_d223